| 000 | 00696cam a22002291 4500 | ||
|---|---|---|---|
| 001 | ne 66000511 | ||
| 003 | DLC | ||
| 005 | 20260227111821.0 | ||
| 008 | 900521s1965 su b 000 0 ararc | ||
| 010 | _ane 66000511 | ||
| 035 | _a(OCoLC)21569607 | ||
| 040 |
_aPrinceton Univ. Libr. _cWaU _dDLC |
||
| 042 | _apremarc | ||
| 050 | 0 | 0 |
_aHX550.I8 _bB3 |
| 100 | 1 | _aBadrī, ʻAbd al-ʻAzīz. | |
| 245 | 1 | 0 |
_aḤukm al-Islām fī al-ishtirākīyah _c[taʼlīf] ʻAbd al-ʻAzīz al-Badrī. |
| 250 | _a[al-Ṭabʻah 2] | ||
| 260 |
_aal-Madīnah al-Munūrah, _bal-Maktabah al-ʻIlmīyah _c[1965] |
||
| 300 |
_a172 p. _c21 cm. |
||
| 504 | _aBibliography: p. 169-170. | ||
| 650 | 0 | _aSocialism and Islam. | |
| 999 |
_c48727 _d48727 |
||